Certifikácia účtovníkov v Slovenskej republike - nový fenomén pri príprave profesionálnych účtovníkov

Súčasný trend účtovníctva vyžaduje väčšie nároky na schopnosti profesionálnych účtovníkov. Potreba zdokonaľovania a skvalitňovania účtovného a finančného výkazníctva. ACCA (Association of chartered certified accountants) - Asociácia certifikovaných účtovníkov so sídlom v Londýne. Zmysel certifikácie...

ver descrição completa

Na minha lista:
Detalhes bibliográficos
Autor principal: Škultéty, Jozef
Outros Autores: Laučík, Zdenko
Formato: Capítulo de Livro
Idioma:eslovaco
Assuntos:
Tags: Adicionar Tag
Sem tags, seja o primeiro a adicionar uma tag!

MARC

LEADER 00000naa$a2200000$$$4500
001 0039656
005 20240502071504.1
041 0 |a slo 
044 |a SK 
245 1 0 |a Certifikácia účtovníkov v Slovenskej republike - nový fenomén pri príprave profesionálnych účtovníkov  |c Jozef Škultéty, Zdenko Laučík 
520 |a Súčasný trend účtovníctva vyžaduje väčšie nároky na schopnosti profesionálnych účtovníkov. Potreba zdokonaľovania a skvalitňovania účtovného a finančného výkazníctva. ACCA (Association of chartered certified accountants) - Asociácia certifikovaných účtovníkov so sídlom v Londýne. Zmysel certifikácie profesie účtovník. Tri kvalifikačné stupne - 1. účtovník asistent, 2. bilančný účtovník, 3. účtovník expert. 
610 2 0 |a účtovníci 
610 2 0 |a certifikácia 
610 2 0 |a kvalifikácia 
610 2 0 |a Slovensko 
100 1 |a Škultéty, Jozef 
700 1 |a Laučík, Zdenko